Fr. Conceicao Rodrigues College of Engineering

Understanding 1-2-3 for Windows (Record no. 30726)

MARC details
000 -LEADER
fixed length control field 00302nam a2200145Ia 4500
082 ## - DEWEY DECIMAL CLASSIFICATION NUMBER
Classification number 1.6424
Item number HER
100 ## - MAIN ENTRY--PERSONAL NAME
Personal name Herbert/Douglas
245 ## - TITLE STATEMENT
Title Understanding 1-2-3 for Windows
260 ## - PUBLICATION, DISTRIBUTION, ETC.
Name of publisher, distributor, etc. BPB
Place of publication, distribution, etc. Dubai
Date of publication, distribution, etc. 1992
300 ## - PHYSICAL DESCRIPTION
Extent 606
546 ## - LANGUAGE NOTE
Language note ENGLISH
654 ## - SUBJECT ADDED ENTRY--FACETED TOPICAL TERMS
Focus term windows
942 ## - ADDED ENTRY ELEMENTS (KOHA)
Koha item type BOOK
Holdings
Withdrawn status Lost status Damaged status Not for loan Collection Home library Current library Shelving location Date acquired Cost, normal purchase price Total Checkouts Full call number Barcode Date last seen Cost, replacement price Price effective from Koha item type
        CRC Fr. Agnel's C.Rodrigues College of Engineering Fr. Agnel's C.Rodrigues College of Engineering   17/03/2023 425.00   1.6424 HER 4472 17/03/2023 425.00 17/03/2023 BOOK